Lectures on Brownian motion, heat conduction, and potential theory /
Guardado en:
| Autor Principal: | |
|---|---|
| Autor Corporativo: | |
| Formato: | Libro |
| Idioma: | English |
| Publicado: |
Aarhus :
Aarhus Universitet, Mathematisk Institutt,
1966.
|
| Materias: | |
| Etiquetas: |
Agregar Etiqueta
Sin Etiquetas, Sea el primero en etiquetar este registro!
|
| LEADER | 00829cam a22002293a 4500 | ||
|---|---|---|---|
| 001 | MAT.inmabb005445 | ||
| 008 | 020820s1966####dk#######b####000#0#eng## | ||
| 005 | 20160531171044.0 | ||
| 245 | 1 | 0 | |a Lectures on Brownian motion, heat conduction, and potential theory / |c [by] Z. Ciesielski. |
| 260 | |a Aarhus : |b Aarhus Universitet, Mathematisk Institutt, |c 1966. | ||
| 300 | |a 1 v. (various pagings) ; |c 30 cm. | ||
| 504 | |a Incluye referencias bibliográficas. | ||
| 100 | 1 | |a Ciesielski, Zbigniew, |d 1934- | |
| 710 | 2 | |a Aarhus universitet. |b Matematisk institut. | |
| 650 | 0 | |a Brownian movements. | |
| 650 | 0 | |a Heat |x Conduction. | |
| 650 | 0 | |a Potential theory (Physics) | |
| 084 | |a 60J65 |2 msc2000 | ||
| 010 | |a 67101006 | ||
| 040 | |a DLC |c DLC | ||
| 859 | |h 60 |i C569 |p A-1869 |b BIB. MATEMATICA | ||
| 859 | |h 60 |i C569 |p A-3213 |t Ej. 2 |b BIB. MATEMATICA | ||
